00453nam a2200133Ia 4500008004100000041000800041082001500049100002000064245004500084260003300129300003400162999001700196952010600213240624s9999 xx 000 0 und d aeng a332.63 VER aVERONESI PIETRO aFIXED INCOME SECURITIES VALUATION RISK A c2012aNew DelhibWiley India axxxiii, : 805 : p. : cm. ; 23 c20573d20573 02104070aIMTNbIMTNcRack 11-Ad2012-12-07o332.63 VERp20573r2024-06-24 00:00:00w2024-06-24yBK